000 00609nam a2200217 i 4500
001 68322
003 ES-MaACL
005 20250804044105.0
007 t|
008 040617s2004 ag ||||1| spa d
020 _a950-9546-39-9
080 _a1:28
100 1 _aKierkegaard, Søren (
_d1813-1855)
_968014
245 1 0 _aTratado de la desesperación /
_cSoren Kierkegaard.
250 _a[2ª ed.].
260 _aBuenos Aires :
_bLeviatán,
_c[2004]
300 _a188 p. ;
_c20 cm.
650 1 7 _aFilosofía cristiana
_2embne
_912834
852 _aES-MaACL
_jL-27954
_bR.133745
999 _c68322
_d68322